Angels & Demons / (Record no. 559)

000 -LEADER
fixed length control field 00503nam a2200205Ia 4500
008 - FIXED-LENGTH DATA ELEMENTS--GENERAL INFORMATION
fixed length control field 190805r20012009xxk||||g |||||||| 1|eng||
020 ## - INTERNATIONAL STANDARD BOOK NUMBER
International Standard Book Number 9780552161268
Terms of availability £ 7.99
040 ## - CATALOGING SOURCE
Original cataloging agency IMU Kochi Library
Language of cataloging eng
041 0# - LANGUAGE CODE
Language code of text/sound track or separate title eng
044 ## - COUNTRY OF PUBLISHING/PRODUCING ENTITY CODE
MARC country code United Kingdom
082 04 - DEWEY DECIMAL CLASSIFICATION NUMBER
Classification number 813.54
Item number B8126
Edition number 23
100 1# - MAIN ENTRY--PERSONAL NAME
Personal name Brown, Dan
245 14 - TITLE STATEMENT
Title Angels & Demons /
260 ## - PUBLICATION, DISTRIBUTION, ETC. (IMPRINT)
Place of publication, distribution, etc London :
Name of publisher, distributor, etc Corgi Books (Penguin),
Date of publication, distribution, etc 2001
300 ## - PHYSICAL DESCRIPTION
Extent 619 p. ;
Dimensions 18 cm.
650 #0 - SUBJECT ADDED ENTRY--TOPICAL TERM
Topical term or geographic name as entry element Cryptographers
Form subdivision Fiction
852 ## - LOCATION/CALL NUMBER
Location IMU Kochi Library
904 ## - LOCAL DATA ELEMENT D, LDD (RLIN)
CATALOGER Shine Joy
942 ## - ADDED ENTRY ELEMENTS (KOHA)
Item type Books
Holdings
Withdrawn status Lost status Source of classification or shelving scheme Damaged status Not for loan Collection code Permanent location Current location Shelving location Date acquired Source of acquisition Cost, normal purchase price Total Checkouts Total Renewals Full call number Barcode Date last seen Date last borrowed Koha item type Public note
          Fiction IMU Kochi Library IMU Kochi Library General Stacks 2019-08-14 M/s Apex Book Services ( Inv. No. IN4073 Dt 2019-07-17) 366.52 11 5 813.54 B8126 BK005801 2026-05-05 2026-04-20 Books Shelf-19, Row-1


Copyright © All Rights Reserved by Indian Maritime University, Kochi Campus.
For any Suggestions/Query Contact to library or Email: library.kochi@imu.ac.in Ph:(0484)-2989402
(Web OPAC Designed by Rudra Ranjan. Maintained by IMU Kochi Library)

Powered by Koha